000
00339nam a2200133Ia 4500
003
GCL
008
140319s9999 xx 000 0 ara d
040
_a
GCL /
_c
GCL
082
0
4
_a
291.1
_b
م ش
245
1
0
_a
شبهات حول الاسلام
260
_a
[S.N] :
_b
2000 للثقافة والنشر ،
_c
1992
300
_a
223 ص
490
_a
999
_c
32496
_d
32496